000 01460nam a2200337 c 4500
999 _c5195
_d5195
003 BLK
005 20200311140738.0
008 180412b bul|||||r ||||||| ||bul||
010 _aKNG00006377000
020 _a954-07-0064-7
040 _aBLK
041 _aBUL
_cBUL
080 _aЗависимост на свойствата на веществата от техния атомно-молекулен строеж
_b544.16
_z544.16
100 1 _aКонсулов, Витан Бонев
_eпърви автор
_9249744
139 _aКонсулов, Витан Бонев
_bК 83
245 1 0 _aВисокомолекулни съединения
_cВитан Бонев Консулов.
257 _aBGR
260 _bУнив. изд. Св. Климент Охридски
_c1994
300 _a392 с.
_bс ил.
_c24 см
380 _a5
500 _a556 тир.
650 4 _aВисокомолекулярни съединения
_9150768
650 4 _aПолимери - химия
_9249745
650 4 _aПолимеризация
_9166815
650 4 _aПоликондензация
_9166811
852 _aЦб 181841
856 4 _qpdf
_u
856 4 _qpdf
_u
942 _cKNG
_n0
_02
_s1
944 _aCR
_c15.01.2003
_kAB_DOS
944 _aED
_c15.01.2003
999 _d5195